000 01393nab a2200229 i 4500
001 768714001
003 CO-MdFUSB
005 20240530100721.0
008 240530t1972 ag ||||| |||| 00| 0 spa d
040 _bspa
_cCO-MdFUSB
_dCO-MdFUSB
041 _aspa
100 _aSautter, Hermann,
_eautor
245 1 3 _aEl socialismo revolucionario :
_bdesafio a los cristianos
_c/ Hermann Sautter
520 _aEl atractivo del socialismo en las sociedades industriales occidentales de hoy no se basa en el éxito económico, sino más bien en la ideología. Aunque, por supuesto, resulta un tanto artificial hablar de la ideología del socialismo, no se abarca aquí sus numerosas variaciones. El objetivo es investigar los desafíos que plantean nuestras sociedades industriales occidentales y demostrar cómo el socialismo puede abordarlos. La noción de que el socialismo es la respuesta a las inseguridades de las sociedades presenta un desafío para los cristianos que buscan aclarar y fortalecer su fe.
650 0 _aCristianismo y economía
_91199
650 7 _aReligión y derecho
_9389
650 7 _aFe
_9531
650 7 _aTeología de la liberación
_9449
773 0 _069974
_982716
_dBuenos Aires
_oR2608
_tCerteza
_w(CO-MdFUSB)768714001
_gNúmero 51, (julio - septiembre, 1973) páginas: 72 - 77
_qpágina: 72
942 _cANA
945 _aCatherine Arias Álvarez - Practicante SENA
999 _c69990
_d69990